Mastering Linux Security and Hardening (Record no. 227581)
[ view plain ]
| 000 -LEADER | |
|---|---|
| fixed length control field | 00585nam a2200169Ia 4500 |
| 008 - FIXED-LENGTH DATA ELEMENTS--GENERAL INFORMATION | |
| fixed length control field | 230714s9999 xx 000 0 und d |
| 020 ## - INTERNATIONAL STANDARD BOOK NUMBER | |
| International Standard Book Number | 97800000000000 |
| 041 ## - LANGUAGE CODE | |
| Language code of text/sound track or separate title | eng |
| 082 ## - DEWEY DECIMAL CLASSIFICATION NUMBER | |
| Classification number | 005.4'32 |
| Item number | TEV |
| 100 ## - MAIN ENTRY--PERSONAL NAME | |
| Personal name | Tevault D.A. |
| 9 (RLIN) | 202551 |
| 245 ## - TITLE STATEMENT | |
| Title | Mastering Linux Security and Hardening |
| Remainder of title | Secure Your Linux Server And Protect It From Intruders,Malware Attacks, And Other External Threats |
| 260 ## - PUBLICATION, DISTRIBUTION, ETC. (IMPRINT) | |
| Date of publication, distribution, etc. | 2018 |
| Name of publisher, distributor, etc. | Packt |
| 300 ## - PHYSICAL DESCRIPTION | |
| Extent | 360 |
| Accompanying material [OBSOLETE, CAN/MARC] | Ref 1612 C (63167) |
| 365 ## - TRADE PRICE | |
| Currency code | Rs. |
| Price amount | 3199.00 |
| 700 ## - ADDED ENTRY--PERSONAL NAME | |
| Personal name | Tevault D.A. |
| 9 (RLIN) | 202551 |
| 906 ## - LOCAL DATA ELEMENT F, LDF (RLIN) | |
| d | O:0728124-Sep-2021B:IN30116-Sep-2021 |
| c | BCOMP |
| b | 1599.5 |
No items available.